Statistics for Logos drawn from memory

Click here to take the quiz!

General Stats

  • This quiz has been taken 37 times
  • The average score is 13 of 16

Answer Stats

Answer% Correct
Starbucks
97%
Microsoft
94%
Redbull
94%
Puma
91%
Volkswagen
91%
Wikipedia
91%
Android
89%
Pringles
89%
Playboy
83%
Skype
83%
Jetpunk
71%
Lacoste
71%
Nestlé
63%
Twitch
63%
Domino's Pizza
57%
Lufthansa
37%

Score Distribution

Percentile by Number Answered

Percent of People with Each Score

Your Score History

You have not taken this quiz